000 00595 a2200193 4500
260 _aParis
100 _aBOTERF, Guy le
260 _bLigue Française de l'enseignement et de l'éducation permanente
245 _aL'Enquête participation en question : analyse d'une expérience, description d'une méthode, et réflexions critiques
300 _a391p.
650 _aEDUCATION
260 _c[SD]
130 _lFr
440 _aThéories et pratiques de l'éducation permanente
690 _aenquête-participation
690 _aéducation permanente
999 _c21192
_d21192